| 000 | 00710cam a2200241u 4500 | ||
|---|---|---|---|
| 001 | 9328487 | ||
| 003 | ARRUPE | ||
| 005 | 20160329100407.0 | ||
| 008 | 810225s1954 enk 000 0 eng | ||
| 010 | _a 55000620 | ||
| 040 |
_aDLC _cCarP _dDLC |
||
| 041 | 1 |
_aeng _hger |
|
| 050 | 0 | 0 |
_aQL62 _b.H443 |
| 100 | 1 |
_aHeck, Lutz, _d1892-1983. _923402 |
|
| 240 | 1 | 0 |
_aTiere-mein abenteuer. _lEnglish [from old catalog] |
| 245 | 1 | 0 | _aAnimals, my adventures. |
| 260 |
_aLondon, _bMethuen _c[1954] |
||
| 300 |
_ax, 169p.; _c22cm. |
||
| 650 | 0 |
_aZoological specimens _xCollection and preservation. _910783 |
|
| 650 | 0 |
_aZoos. _923403 |
|
| 906 |
_a0 _bcbc _cpremunv _du _encip _f19 _gy-gencatlg |
||
| 942 |
_2lcc _cMONOGRAPH |
||
| 999 |
_c124489 _d124489 |
||